Remote capital cities - Statistics

General Stats
  • This quiz has been taken 37 times
  • The average score is 15 of 24
Answer Stats
Distance to nearest capital (km) Capital % Correct
2326 Canberra
97%
2326 Wellington
94%
1138 Santiago
91%
1488 Reykjavík
85%
1167 Ulaanbaatar
82%
1457 Brasília
79%
1080 Lima
73%
1060 Mexico City
73%
1403 Port Moresby
70%
1155 Tokyo
70%
1161 Manila
67%
1161 Taipei
67%
1904 Dili
58%
1347 Victoria
58%
1253 Honiara
55%
1071 Funafuti
52%
1080 La Paz
52%
1683 Ngerulmud
48%
1057 Port Louis
48%
1071 Port Vila
48%
1265 Bandar Seri Begawan
45%
1277 Palikir
42%
1041 Asunción
39%
1014 Mogadishu
21%
No matching quizzes found
Score Distribution
Percent of People with Each Score
Percentile by Number Answered
Your Score History
You have not taken this quiz